| 000 | 00905na a2200277 4500 | ||
|---|---|---|---|
| 001 | 13594 | ||
| 003 | MIRAKIL | ||
| 005 | 20181213155205.0 | ||
| 008 | 160819b tu 000 0 | ||
| 020 | _a9754067201 | ||
| 035 | _a13594 | ||
| 040 |
_aMilas _btur _cTR-AnCHP |
||
| 082 |
_aATA 923.156 _bA72n [t.y.] |
||
| 090 | _aATA 923.156 A72n [t.y.] | ||
| 100 |
_aAtatürk, Mustafa Kemal _d1881-1838 |
||
| 245 |
_aNutuk-söylev _bseçmeler _cMustafa Kemal Atatürk ; seçme ve özleştirme, Özer Ozankaya |
||
| 250 | _a4. bs. | ||
| 260 |
_aİstanbul _bCem yayınevi _c[t.y.] |
||
| 300 |
_a224 s. _c20 sm. |
||
| 600 |
_aAtatürk, Mustafa Kemal _d1881-1938 _xSöylev ve demeçler |
||
| 600 |
_aAtatürk, Mustafa Kemal _d1881-1938 _xSiyasal ve sosyal görüşler |
||
| 650 |
_aAtatürk devrimleri _zTürkiye |
||
| 651 |
_aTürkiye _xSiyaset ve yönetim |
||
| 700 | _aOzankaya, Özer | ||
| 942 |
_2ddc _cBKS |
||
| 999 |
_c8272 _d8272 |
||